| 000 | 00625nam a2200205Ia 4500 | ||
|---|---|---|---|
| 003 | OSt | ||
| 005 | 20250901104533.0 | ||
| 008 | 210210b2001 xxu||||| |||| 00| 0 eng d | ||
| 040 | _cAL | ||
| 041 | _aKannada | ||
| 082 | _aK894.8 LILL | ||
| 100 |
_aLILA BHAT (B) _994574 _dಲೀಲಾ ಭಟ್ (ಬಿ) |
||
| 245 |
_aLila Karanta nenapina samputa _bಲೀಲಾ ಕಾರಂತರ ನೆನಪಿನ ಸಂಪುಟ |
||
| 260 |
_aPuttur. _bShivarama Karanta Adhyayana Kendra., _c2001 |
||
| 300 | _a94 | ||
| 650 |
_aLila Karanta _994575 |
||
| 690 |
_aKannada Miscellaneous _994576 |
||
| 906 | _a058133 | ||
| 942 |
_2ddc _cBK |
||
| 999 |
_c105305 _d105305 |
||